| 000 | 00432nam a2200169Ia 4500 | ||
|---|---|---|---|
| 003 | GCL | ||
| 008 | 140319s9999 xx 000 0 eng d | ||
| 040 |
_aGCL / _cGCL |
||
| 082 | 0 | 4 |
_a635.93 _bS T |
| 100 | 1 | _aSCBNEIDER, PETER | |
| 245 | 1 | 0 |
_aTAYLOR'S GUIDE TO ROSES / _cSCBNEIDER, PETER |
| 260 |
_a[S.N] : _bHOUGHTON MIFFLIN COMPANY ، _c1995 |
||
| 300 | _a451 P | ||
| 650 | 0 | 4 | _aROSES |
| 650 | 0 | 4 | _aROSE CULTURE |
| 942 |
_2ddc _cBK |
||
| 999 |
_c10376 _d10376 |
||